000 00343 a2200157 4500
001 73710
020 _a8588543-06-0
040 _cAnchieta - Colégio São Paulo
100 _aAndrade, Costa
240 1 0 _aPoesia Comarmas
_lpor
245 1 0 _aPoesia Comarmas
300 _a175
362 0 _a2004
650 4 _aPoesia brasileira
942 _cBK
999 _c73710
_d73710